[Event "HUN-chT2 Breyer 0203"]
[Site "Hungary"]
[Date "2003.03.23"]
[Round "9"]
[White "Csunderlik, Peter"]
[Black "Brassoi Tarnovszki, Aurel"]
[Result "1/2-1/2"]
[WhiteElo "1842"]
[BlackElo "1827"]
[PlyCount "35"]
[EventDate "2002.09.22"]
[EventType "team"]
[EventRounds "11"]
[EventCountry "HUN"]
[SourceTitle "EXT 2009"]
[Source "ChessBase"]
[SourceDate "2008.11.26"]
[SourceVersion "1"]
[SourceVersionDate "2008.11.26"]
[SourceQuality "1"]

1. e4 d6 2. d4 Nf6 3. Nc3 g6 4. f3 Bg7 5. Be3 0-0 6. Qd2 e5 7. d5 Ne8 8. 0-0-0 f5 9. exf5 Bxf5 10. g4 Bc8 11. Bh6 Bxh6 12. Qxh6 Qf6 13. Nh3 Qg7 14. Qe3 Nd7 15. g5 Nb6 16. Nf2 Qf7 17. Be2 Ng7 18. Nfe4 1/2-1/2